ბათუმის შოთა რუსთაველის სახელმწიფო უნივერსიტეტის ბიბლიოთეკა

ტბელ აბუსერიძე : XIII საუკუნის ქართველი მწერალი (ბიბ.ჩანაწერი № 56332)

000 -LEADER
fixed length control field 01017nam a2200229Ia 4500
001 - CONTROL NUMBER
control field 23445
003 - CONTROL NUMBER IDENTIFIER
control field GE_BSU
008 - FIXED-LENGTH DATA ELEMENTS--GENERAL INFORMATION
fixed length control field 181216s||||||||xx |||||||||||||| ||und||
040 ## - CATALOGING SOURCE
Transcribing agency GE_BSU
080 ## - UNIVERSAL DECIMAL CLASSIFICATION NUMBER
Universal Decimal Classification number 821.353.1(092აბუსერიძე, ტბელ)
100 ## - MAIN ENTRY--PERSONAL NAME
Personal name სიხარულიძე, ი.
245 ## - TITLE STATEMENT
Title ტბელ აბუსერიძე : XIII საუკუნის ქართველი მწერალი
245 ## - TITLE STATEMENT
Statement of responsibility, etc. რედ. შ. სულაბერიძე.
260 ## - PUBLICATION, DISTRIBUTION, ETC.
Place of publication, distribution, etc. თბილისი
260 ## - PUBLICATION, DISTRIBUTION, ETC.
Name of publisher, distributor, etc. საბჭ. საქართველო
260 ## - PUBLICATION, DISTRIBUTION, ETC.
Date of publication, distribution, etc. 1963
300 ## - PHYSICAL DESCRIPTION
Extent 83გვ. ; 20სმ.
653 ## - INDEX TERM--UNCONTROLLED
Uncontrolled term ტბელ აბუსერიძე : XIII საუკუნის ქართველი მწერალი
653 ## - INDEX TERM--UNCONTROLLED
Uncontrolled term ქართველი მწერლები; ძველი ქართული ლიტერატურის ისტორია და კრიტიკა
942 ## - ADDED ENTRY ELEMENTS (KOHA)
Koha item type წიგნი
ეგზემპლარები
Withdrawn status Lost status Damaged status Not for loan Date acquired Barcode Date last seen Price effective from Koha item type
        2018-12-17 28356 2018-12-17 2018-12-17 წიგნი